LEADER 01054nam0-2200313 --450 001 9910581699003321 005 20220715085236.0 010 $a978-88-6548-393-0 100 $a20220715d2021----kmuy0itay5050 ba 101 0 $aita$cita 102 $aIT 105 $aa 001yy 200 1 $aOltre la grande bellezza$eil lavoro nel patrimonio culturale italiano$fa cura di Leonardo Bison e Marina Minniti 210 $aRoma$cDeriveApprodi$d2021 215 $a171 p.$cill.$d23 cm 225 1 $aDeriveApprodi$v159 300 $aIn testa al front.: Mi riconosci? Sono un professionista dei beni culturali 610 0 $aPatrimonio culturale$aTutela$aProfessioni 610 0 $aPatrimonio culturale$aValorizzazione$aItalia$aSec. 21. 676 $a331.76136369$v21$zita 702 1$aBison,$bLeonardo 702 1$aMinniti,$bMarina 801 0$aIT$bUNINA$gREICAT$2UNIMARC 901 $aBK 912 $a9910581699003321 952 $aCOLLEZ. 2222 (159)$b1406/2022$fFSPBC 959 $aFSPBC 996 $aOltre la grande bellezza$92897403 997 $aUNINA LEADER 01594nam0 22003733i 450 001 PAL0122597 005 20251003044306.0 010 $a8815052771 020 $aIT$b96-10825 100 $a19960624d1996 ||||0itac50 ba 101 | $aita 102 $ait 181 1$6z01$ai $bxxxe 182 1$6z01$an 183 1$6z01$anc$2RDAcarrier 200 1 $aˆLe ‰illusioni fiscali$erisanare gli apparati per riformare il fisco$fRaffaello Lupi 210 $aBologna$cIl mulino$d[1996] 215 $a124 p.$d21 cm. 225 | $aContemporanea$v87 410 0$1001CFI0006117$12001 $aContemporanea$v87 606 $aItalia$xPolitica fiscale$2FIR$3CFIC047786$9I 676 $a336.2$9TASSE E TASSAZIONE$v21 676 $a336.3$9FINANZA PUBBLICA - DEBITO PUBBLICO E SPESA PUBBLICA$v14 676 $a336.3$9PRESTITO PUBBLICO, DEBITO PUBBLICO, SPESA PUBBLICA, POLITICA TRIBUTARIA$v20 676 $a343.04$9$v12 700 1$aLupi$b, Raffaello$3CFIV077108$4070$0132980 801 3$aIT$bIT-000000$c19960624 850 $aIT-BN0095 901 $bNAP 01$cPOZZO LIB.$nVi sono collocati fondi di economia, periodici di ingegneria e scienze, periodici di economia e statistica e altri fondi comprendenti documenti di economia pervenuti in dono. 912 $aPAL0122597 950 0$aBiblioteca Centralizzata di Ateneo$c1 v.$d 01POZZO LIB.ECON MON 7853$e 0101 0000110455E VMA 1 v. (Precedente collocazione: GUERRAZZI A 358)$fB $h20091214$i20091214 977 $a 01 996 $aIllusioni fiscali$965454 997 $aUNISANNIO